Days of His Flesh (Record no. 2277)

MARC details
000 -LEADER
fixed length control field 00647nam a2200253 a 4500
020 ## - INTERNATIONAL STANDARD BOOK NUMBER
ISBN
082 00 - DEWEY DECIMAL CLASSIFICATION NUMBER
Classification number 232.901
Author Cutter SMI
100 ## - MAIN ENTRY--AUTHOR NAME
Author name Smith, David
245 ## - TITLE STATEMENT
Title Days of His Flesh
Sub title Earthly Life of Our Lord and Saviour Jesus Christ
260 ## - PUBLICATION, DISTRIBUTION, ETC. (IMPRINT)
Place of publication London
Name of publisher Hodder & Stoughton
Year of publication 1910
300 ## - PHYSICAL DESCRIPTION
Number of Pages 549p
500 ## - GENERAL NOTE
General note includes index and biblioraphy
505 2# - FORMATTED CONTENTS NOTE
Formatted contents note Index
650 ## - SUBJECT ADDED ENTRY--TOPICAL TERM
Topical Term Jesus Christ
650 ## - SUBJECT ADDED ENTRY--TOPICAL TERM
Topical Term Jesus Christ-Biography
942 ## - ADDED ENTRY ELEMENTS (KOHA)
Koha item type Books
700 1# -
-- Smith, David
Holdings
Home library Current library Date acquired Cost, normal purchase price Full call number Accession Number Koha item type
Henry Martyn Institute Library Henry Martyn Institute Library 06/19/2007 100.00 232.901 SMI 1337 Archive Book
                   Copyright © 2026 | Henry Martyn Institute | Hyderabad | TS-500052 | INDIA | Implemented by hmi.edu.in
Hit-Count:

Powered by Koha